000 00516nam a2200205Ia 4500
003 OSt
005 20230529155747.0
008 210423s2010 xx 000 0 und d
040 _cAL
041 _akan
082 _a361.3k
_223
_bRAOS
100 _aRAO (C N Shankar)
_9116022
245 _aSamajakarya
260 _aMangalore
_bJai Bharath Prakashan
_c2010
365 _b70
_cINR
650 _aSocial Problems & Services
_9116023
650 _aSocial Work
_9116024
906 _aSamajakarya
942 _2ddc
_cBK
999 _c175403
_d175403